Normal view
MARC view
Entry Personal Name
001 - CONTROL NUMBER
- control field: 2450
003 - CONTROL NUMBER IDENTIFIER
- control field: HDC
005 - DATE AND TIME OF LATEST TRANSACTION
- control field: 20230624073128.0
008 - FIXED-LENGTH DATA ELEMENTS
- fixed length control field: 210106|| aca||aabn | a|a d
040 ## - CATALOGING SOURCE
- Original cataloging agency: HDC
- Transcribing agency: HDC
100 ## - HEADING--PERSONAL NAME
- Personal name: Chuah, Ai Lyn
670 ## - SOURCE DATA FOUND
- Source citation: Work cat.: (HDC): Symposium on Technology Management & Logistics (STML–Go Green) 2016 , Universiti Utara Malaysia, Sintok, Malaysia , 6th - 7th December 2016 1961, The study of Integrated Cold Chain Logistics Sdn Bhd (ICCL) best practice in sustainable warehouse, , 2017
